| 000 | 00894cam a22002772 4500 | ||
|---|---|---|---|
| 001 | 0000003761 | ||
| 005 | 20151217151933.0 | ||
| 008 | 070515s xx 000 0 eng d | ||
| 020 | _a047001296X (pb) : | ||
| 020 | _a0470012951 (hb) | ||
| 040 |
_aKABU _cKABU |
||
| 050 | 0 |
_aQC231 _b.P35 2005 |
|
| 100 | 1 |
_aPain, H. J. _@0000153883 |
|
| 245 | 1 | 4 | _aThe Physics of vibrations and waves. |
| 250 | _a6th ed. | ||
| 260 |
_aNew York : _bJ. Wiley, _c2005. |
||
| 300 | _axx, 556 p. | ||
| 650 | 0 |
_aVibrations. _@0000153884 |
|
| 650 | 0 |
_aWaves. _@0000153839 |
|
| 852 | 1 | _9p4288.35 KES (pb) | |
| 852 | 1 | _9p13560 KES (hb) | |
| 852 | 1 | _9p5350 KES (pb) | |
| 852 | 1 | _9p5350 KES (pb) | |
| 908 | _a070515 | ||
| 950 | _@1 | ||
| 999 |
_c6504 _d6504 |
||